000 01084cad a22002175a 4500
001 E152049
008 110131s2011 xxk f 000 0 eng d
020 _a9780755999576
035 _a(Sirsi) u152049
041 0 _aeng
110 2 _aScotland
_bScottish Government
_95344
245 0 4 _aConsultation on the Scottish Government proposals to amend the Agricultural Holdings (Scotland) Acts of 1991 and 2003
_h[electronic resource]
260 _aEdinburgh
_bScottish Government
_c2011
520 _aSeeks views on further proposed changes to the Agricultural Holdings (Scotland) Acts of 1991 and 2003. The proposed amendments relate to These changes relate to the Agricultural Holdings (Scotland) Act 2003 S16. Deadline for comments is 25 January 2011.
590 _aKA
650 2 4 _aAGRICULTURAL HOLDINGS (SCOTLAND) ACT 1991
651 4 _aScotland
_y1999-
690 _aENVIRONMENTAL AND LAND CONSULTANCY-AGRIBUSINESS-AGRICULTURE
856 4 0 _uhttps://www.scotland.gov.uk/Publications/2011/01/20095753/0
_zView the consultation free of charge at www.scotland.gov.uk
942 _n0
999 _c111816
_d111816